000 01622cam a22004454i 4500
003 PE-LiUPU
005 20250731172824.0
008 150617s1966 nyu r 000 0 eng d
035 _a(Sirsi) a15015
040 _aPE-LiUPU
_bspa
_cPE-LiUPU
_dPE-LiUPU
_erda
049 _aPRUA
082 0 4 _a253.7
_bE15
_221
100 1 _aEllis, Howard W.,
_eautor.
245 1 0 _aEvangelism for teen-agers :
_bfor a new day /
_cHoward W. Ellis.
264 1 _aNew York :
_bAbigdon Press,
_c1966.
300 _a109 páginas ;
_c19 centímetros
336 _atext
_2rdacontent
337 _aunmediated
_2rdamedia
338 _avolume
_2rdacarrier
505 0 _aHere comes tomorrow-today -- The struggle for renewal -- Toward a vital youth fellowshipáginas -- Why should i witness? -- Get them on yourr hearts -- How to make an impact -- How to reach minds and hearts -- When you talk with others -- If they're worth getting, they're worth keeping -- Every Christian an evangelist!.
526 _aSEG42
526 _aSEG41
526 _aSEG40
526 _aSEG39
526 _aP94
526 _aP87
526 _aP86
526 _aP85
526 _aP77
526 _aP76
526 _aP35
650 0 4 _aEvangelismo infantil.
910 _ajck
_bjvq
_cjck
_d20150616
910 _bksl
_cksl
_d20190529
942 _2ddc
_cBOOK
994 _aC0
_bPEPRU
596 _a1
999 _a253.7 E15
_wDEWEY
_c5557
_i00399
_f2021-11-12
_g6
_lCCODEBUL1
_mBUL
_p10.00
_r0
_sY
_tBOOK
_u2015-6-17
_xTEOLOGIA
_PP35
_0COMPRA
_o.STAFF. Colección Teología
_d5557
980 _81
_gALBERTO SANCHEZ Responsable de Automatización